| 000 | 00827nam a2200265 a 4500 | ||
|---|---|---|---|
| 001 | 000038069 | ||
| 003 | DO-SdBNP | ||
| 005 | 20240410073847.0 | ||
| 007 | ta | ||
| 008 | 130312s2008 dr c r 000 0 spa d | ||
| 040 |
_aDO-SdBNP _bspa _cBNPHU |
||
| 082 | 4 |
_a923.27293 _bD812p, 2008 _222 |
|
| 100 | 1 |
_aPatín Veloz, Enrique _93425 |
|
| 245 | 1 | 0 |
_aDuarte y la historia / _cEnrique Patín Veloz. |
| 260 |
_aSanto Domingo : _bInstituto Duartiano, _c2008. |
||
| 300 |
_a161 p. : _bretrs. ; _c21 cm. |
||
| 490 | 1 | _aDuartiana | |
| 504 | _aBibliografía : p. 159 | ||
| 590 | _aInventariado, 2019/BT | ||
| 600 | 1 | 0 |
_aDuarte, Juan Pablo, _d1813-1876 _91494 |
| 651 | 0 |
_aRepública Dominicana -- _xHistoria -- _y1844-1930 _91009 |
|
| 830 | 0 |
_aDuartiana _v5 _936088 |
|
| 910 | _aValidado. Control de calidad. MFF | ||
| 942 |
_2ddc _cLBS1 |
||
| 999 |
_c37559 _d37559 |
||